000 00320nam a2200145Ia 4500
008 230718s9999 xx 000 0 und d
041 _aEng.
082 _a342.5
_bKAS-N
100 _aKasuri Javaid
245 0 _aNadra laws
260 _aPakistan
_bomer law book
_c2012
300 _a214
650 _aLaw
999 _c30474
_d30474